Sports Quiz

Random Sports or NFL Quiz
Score 0/53 Timer 07:00
0 Plays Today
Position Player % Correct
RBDerrick Henry
100%
QBMarcus Mariota
100%
QBRyan Tannehill
95.3%
TEDelanie Walker
92.2%
WRA.J. Brown
89.1%
LBJayon Brown
89.1%
WRCorey Davis
87.5%
OLNate Davis
87.5%
RBDion Lewis
85.9%
TEJonnu Smith
84.4%
CBTye Smith
84.4%
DTJurrell Casey
81.3%
CBAdoree' Jackson
73.4%
WRTajae Sharpe
73.4%
SKevin Byard
73.4%
WRAdam Humphries
70.3%
CBMalcolm Butler
70.3%
CBLogan Ryan
67.2%
OTJack Conklin
65.6%
OLBen Jones
64.1%
DTDaQuan Jones
64.1%
PBrett Kern
60.9%
LBRashaan Evans
59.4%
LBWesley Woodyard
54.7%
LBHarold Landry
48.4%
SKenny Vaccaro
48.4%
DECameron Wake
46.9%
Position Player % Correct
OLRodger Saffold
45.3%
DTAustin Johnson
43.8%
KCairo Santos
42.2%
OTDennis Kelly
40.6%
TEMyCole Pruitt
34.4%
CBDane Cruikshank
31.3%
TEAnthony Firkser
31.3%
LBKamalei Correa
31.3%
WRDarius Jennings
29.7%
RBDavid Fluellen
28.1%
SAmani Hooker
28.1%
LSBeau Brinkley
26.6%
WRKalif Raymond
26.6%
LBDaren Bates
23.4%
OLDavid Quessenberry
20.3%
LBDavid Long
20.3%
CBLeShaun Sims
20.3%
OLKevin Pamphile
18.8%
OLJamil Douglas
17.2%
LBSharif Finch
15.6%
DEBrent Urban
14.1%
LBReggie Gilbert
14.1%
DTIsaiah Mack
12.5%
RBDalyn Dawkins
10.9%
DEMatt Dickerson
10.9%
CBChris Milton
7.8%

You're not logged in!

Compare scores with friends on all Sporcle quizzes.
OR
Log In

Sporcle TV

Today on Sporcle TV


Watch our educational content, quiz creation guides, and fun videos on Sporcle TV.

Show Comments

Extras

Top Quizzes Today


Score Distribution

Paid Content

Your Account Isn't Verified!

In order to create a playlist on Sporcle, you need to verify the email address you used during registration. Go to your Sporcle Settings to finish the process.

Report this User

Report this user for behavior that violates our Community Guidelines.

Details: